One-and-done acting Oscar winners - Statistics

General Stats
  • This quiz has been taken 14 times
    11 since last reset
  • The average score is 43 of 87
Answer Stats
Year Answer % Correct
1983 Linda Hunt
100%
1974 Art Carney
80%
1989 Brenda Fricker
80%
2002 Catherine Zeta-Jones
80%
2002 Chris Cooper
80%
1984 F Murray Abraham
80%
1961 George Chakiris
80%
1984 Haing S. Ngor
80%
2001 Halle Berry
80%
2011 Jean Dujardin
80%
2001 Jennifer Connelly
80%
2006 Jennifer Hudson
80%
2001 Jim Broadbent
80%
1950 Judy Holliday
80%
1997 Kim Basinger
80%
1961 Rita Moreno
80%
1960 Shirley Jones
80%
1956 Yul Brynner
80%
1959 Charlton Heston
60%
1968 Cliff Robertson
60%
1958 David Niven
60%
1955 Ernest Borgnine
60%
2006 Forrest Whitaker
60%
1967 George Kennedy
60%
1940 Ginger Rogers
60%
1998 Gwyneth Paltrow
60%
1939 Hattie McDaniel
60%
1968 Jack Albertson
60%
1972 Joel Grey
60%
1951 Kim Hunter
60%
1965 Lee Marvin
60%
1975 Louise Fletcher
60%
1982 Louis Gossett Jr.
60%
2013 Lupita Nyong'o
60%
1986 Marlee Matlin
60%
1928 Mary Pickford
60%
2013 Matthew McConaughey
60%
1991 Mercedes Ruehl
60%
1995 Mira Sorvino
60%
1957 Miyoshi Umeki
60%
2009 Mo'Nique
60%
1943 Paul Lukas
60%
1984 Peggy Ashcroft
60%
1957 Red Buttons
60%
1973 Tatum O'Neal
60%
1980 Timothy Hutton
60%
1993 Anna Paquin
40%
1976 Beatrice Straight
40%
1971 Ben Johnson
40%
1949 Broderick Crawford
40%
1996 Cuba Gooding Jr.
40%
1941 Donald Crisp
40%
1985 Don Ameche
40%
1954 Eva Marie Saint
40%
1975 George Burns
40%
1950 George Sanders
40%
1997 James Coburn
40%
2013 Jared Leto
40%
1990 Jeremy Irons
40%
1970 John Mills
40%
1988 Kevin Kline
40%
1980 Mary Steenburgen
40%
1987 Olympia Dukakis
40%
2014 Patricia Arquette
40%
1945 Ray Milland
40%
1987 Sean Connery
40%
1952 Shirley Booth
40%
2007 Tilda Swinton
40%
1928 Warner Baxter
40%
1958 Burl Ives
20%
1971 Cloris Leachman
20%
1940 Jane Darwell
20%
1950 Josephine Hull
20%
1937 Joseph Schildkraut
20%
1955 Jo Van Fleet
20%
1963 Margaret Rutherford
20%
1965 Martin Balsam
20%
1941 Mary Astor
20%
1962 Patty Duke
20%
1966 Sandy Williams
20%
1949 Dean Jagger
0%
1953 Donna Reed
0%
1956 Dorothy Malone
0%
1962 Ed Begley
0%
1945 James Dunn
0%
1943 Katina Paxinou
0%
1964 Lila Kedrova
0%
No matching quizzes found
Score Distribution
Percent of People with Each Score
Percentile by Number Answered
Your Score History
You have not taken this quiz since the last reset